Přehlídka traktoristů charakteristická polka /

Hlavní autor: Rulíšek, Adolf, 1920-1989
Jazyk: Nelze použít, není lingvistický obsah
Vydáno: [Česko : s.n., 1950?]
Fyzický popis: 21 hl.
Hudebniny Hudebniny
Uloženo v:
LEADER 00720ncm a22002172a 4500
001 000798876
003 CZ BrMZK
005 20110322135649.0
007 qu
008 051124s1950 xr |||||||||||||| zxx d
040 |a BOA001  |b cze 
072 7 |a 788  |x Hudba pro dechové nástroje  |2 Konspekt  |9 9 
100 1 |a Rulíšek, Adolf,  |d 1920-1989  |7 ola200204652  |4 cmp 
245 1 0 |a Přehlídka traktoristů  |h [hudebnina] :  |b charakteristická polka /  |c Ada Rulíšek 
260 |a [Česko :  |b s.n.,  |c 1950?] 
300 |a 21 hl. 
500 |a Dechová hudba 
910 |a BOA001  |b Mus3-0565.777  |b Mus3-0569.313 
990 |a MU 
991 |b 201012 
996 7 |b 2619452556  |c Mus3-0569.313  |l MZK  |r Sklad / do 1 hodiny  |n 0  |w 000798876  |u 000020  |a 1  |e BOA001  |j MZK50  |s A